000 00507nam a2200169Ia 4500
999 _c11580
_d11580
003 OSt
005 20201020111334.0
008 190216s9999||||xx |||||||||||||| ||und||
040 _coclc
082 _a891.4424
_bTAG/P
100 1 _aTagore, Rabindranath
_d1861-1941
_938
245 4 _aThe Post Office /
_cRabindranath Tagore
260 _bMacmillian And Com. Ltd,
_c1965.
_aNew york:
300 _a88p
650 _aEnglish Drama
942 _cBK
_2ddc
_h891.4424
_iTAG/P
_k891.4424
_mTAG/P